Quick Pick: David Sedaris Books Quiz Stats

 Plays Quiz not verified by Sporcle

Challenge
Share
Tweet
Embed
Score 0/7 Timer 01:00
0 Plays Today
% Correct
Flames
94.7%
Squirrel
93%
Pretty
89.5%
Diabetes
84.2%
Holidays
84.2%
Family
82.5%
Barrel
66.7%

You're not logged in!

Compare scores with friends on all Sporcle quizzes.
OR
Log In

You Might Also Like...

Show Comments

Extras

Top Quizzes Today


Score Distribution

Your Account Isn't Verified!

In order to create a playlist on Sporcle, you need to verify the email address you used during registration. Go to your Sporcle Settings to finish the process.

Report this User

Report this user for behavior that violates our Community Guidelines.

Details: